LEADER 01037nam a2200229 i 4500 001 000000244233 003 CaOOAMICUS 005 20150731000000.0 008 150731s1813 it u000 u ger u 013 $a223138 026 $aitn- s,n, n.zu wiWe (3) 1813 (A) 040 $aSeMil$bita 245 10$aKatholisches Lehr- und Gebethbuch /$cherausgegeben von Karl Heinrich Seibt. 250 $aNeuverbesserte Auflage mit einem Anhange einer französich-lateinischer und anderer Gebether. 260 $aMayland :$bVon Johann Pirotta,$c1813. 300 $a[2], 413, [8] p. ;$c8°. 650 4$aCristianesimo - Libri di preghiere e devozione tedesca.$0(OLS)http://semarc/subject/5138 700 1 $aSeibt, Karl Heinrich <1735-1806>.$0(OLS)http://semarc/name/82395 850 $aSeMil 852 $aSeMil$W1$xVenegono$y1$m3F III 330 FA$j194579$B194579$CSeMilBibl$Z2$F205133 $8I 996 $6245$aKatholisches Lehr- und Gebethbuch$9(OLS)http://semarc/title/346225 996 $6260$aMayland :$bVon Johann Pirotta$9(OLS)http://semarc/publisher/54876 LEADER 00907nam a2200241 i 4500 001 000000183495 003 CaOOAMICUS 005 20211012094335.0 008 091116s1964 it u000 u ita u 013 $a161463 040 $aSeMil$bita 100 1 $aBo, Carlo,$d<1911-2001>.$0(OLS)http://semarc/name/7656 245 10$aSiamo ancora cristiani? /$cCarlo Bo. 260 $aFirenze :$bVallecchi,$ccopyr. 1964. 300 $aXII, 385 p. ;$c22 cm. 490 0 $aLa cultura e il tempo ;$v1 650 4$aCristianesimo.$0(OLS)http://semarc/subject/425 830 3$aLa cultura e il tempo ;$v1.$0(OLS)http://semarc/title/8383 850 $aSeMil 852 $aSeMil$W1$xVenegono$y1$m3E III 215$j134195$B134195$CSeMilBibl$Z2$F145830 $81 996 $6245$aSiamo ancora cristiani?$9(OLS)http://semarc/title/263379 996 $6260$aFirenze :$bVallecchi$9(OLS)http://semarc/publisher/29768